| 000 | 00591nam a22002417a 4500 | ||
|---|---|---|---|
| 005 | 20250723095831.0 | ||
| 008 | 171207b xxu||||| |||| 00| 0 spa d | ||
| 020 | _a9977670196 | ||
| 041 | _aESP | ||
| 082 | _aCR 861 G984t2 | ||
| 100 |
_aGutiérrez, Joaquín _9422 |
||
| 245 | _aTe conozco, mascarita | ||
| 250 | _a2 edición | ||
| 260 | _aCosta Rica | ||
| 260 | _bEUCR | ||
| 260 | _c1984 | ||
| 300 | _a80 páginas | ||
| 490 | _aTEMÁTICA GENERAL | ||
| 650 | _aTEMÁTICA GENERAL | ||
| 650 | _aLITERATURA COSTARRICENSE | ||
| 650 | _aPOESÍA COSTARRICENSE | ||
| 942 |
_cLIT _2ddc |
||
| 999 |
_c10051 _d10051 |
||